Quiz on the Year 2002 - Statistics

General Stats
  • This quiz has been taken 23,847 times
  • The average score is 12 of 20
Answer Stats
Question Answer % Correct
Major currency used for the first time in physical form Euro
90%
Rapper whose song "Lose Yourself" topped the U.S music charts Eminem
72%
British territory that voted NOT to become a part of Spain Gibraltar
70%
Space launch company founded by Elon Musk SpaceX
69%
Pop star who broke up with Britney Spears Justin Timberlake
66%
Pop star who dangled a baby over a balcony Michael Jackson
66%
Reclusive European country which finally joined the United Nations Switzerland
65%
Small, Portuguese-speaking country that gained independence from Indonesia East Timor
64%
First country in the world to allow assisted suicide, just one year after becoming the first to allow gay marriage Netherlands
63%
Term that George W. Bush used to refer to Iran, Iraq, and North Korea Axis of {Evil}
62%
Chinese river where river dolphins were seen for the last time Yangtze
60%
Brazilian player who scored two goals in the FIFA World Cup final Ronaldo
59%
Former U.S. President who won the Nobel Peace Prize Jimmy Carter
57%
Horror movie about a video tape which killed those who watched it The Ring
56%
Coronavirus epidemic which started in China SARS
55%
Steve Fossett became the first person to perform a solo, non-stop flight around the world in a _____ Balloon
53%
U.S. city which hosted the Winter Olympics Salt Lake City
50%
Venezuelan leader who was briefly overthrown during a coup Hugo Chávez
41%
City where Chechen rebels took a theater hostage, leading to 170 deaths Moscow
39%
Palestinian leader who was trapped in his compound, and would spend nearly all his remaining life there Yasser Arafat
36%
No matching quizzes found
Score Distribution
Percent of People with Each Score
Percentile by Number Answered
Your Score History
You have not taken this quiz